000 00731nam a2200241Ia 4500
003 OSt
005 20220927103722.0
006 a|||||r|||| 00| 0
007 ta
008 220926b |||||||| |||| 00| 0 eng d
024 _a92782
037 _cReference Collections
040 _aRTL
_cRTL
_beng
041 _2eng
_aeng
082 _a"Y15:471p1,N70, L0/UN"
111 _aSeminar On The Participation Of Women In The Economic Life Of Their Countries (1970 : Moscow)
_9361583
245 0 _aReport
260 _aNew
_bYork United Nations USA
_c1970
300 _a"iv,38p"
_ccm.
650 _aWomen Sociology
_9361584
942 _h"Y15:471p1,N70, L0/UN"
_cCC
999 _c684834
_d684834